000 01313nam a2200241 a 4500
001 84949
003 BD-RjUL
005 20250519115806.0
008 250519s1967 bg ||||| |||| 00| 0 ben d
035 _a(BD-RjUL)84949
040 _aBD-RjUL
_beng
_cBD-RjUL
041 _aben
082 _223
_a297.5
_bTAM 1967
100 _aথানভী, আশরাফ আলী
_915522
245 _aমাওয়ায়েযে আশরাফিয়া হযরত মাওলানা আশরাফ আলী থানভী (রঃ) ওয়াজ দুনিয়া ও আখেরাত /
_cমাওলানা আশরাফ আলী থানভী; অনুবাদ মোহাম্মদ নূরুর রহমান
246 _aদুনিয়া ও আখেরাত
260 _aঢাকা :
_bএমদাদিয়া লাইব্রেরী,
_c১৯৬৭
300 _a৫০১ পৃ.;
_c২৩ সেমি.
650 _aইসলামী নীতিশাস্ত্র এবং ধর্মীয় অভিজ্ঞতা, জীবন, অনুশীলন
_915523
650 _aIslamic ethics and religious experience, life, practice
_915524
700 _aরহমান, মোহাম্মদ নূরুর
_915525
942 _2ddc
_cBK
999 _c84949
_d84949